000 00433nam a22001817a 4500
003 Ost
005 20220828165322.0
008 220828b |||||||| |||| 00| 0 eng d
020 _aNA
040 _cBT-PhCST
050 _a4251 & 4280
082 _222
_a658
100 _aRobbins, Stephen P. and Coulter, Mary.
245 _aManagement /
260 _aIndia,
_bPrentice Hall,
_cc2003.
300 _a0
_bill. ;
942 _2ddc
_cMAG
_019
999 _c2042
_d2042